Normal view
MARC view
Entry Topical Term
001 - CONTROL NUMBER
- control field: 85196
003 - CONTROL NUMBER IDENTIFIER
- control field:
005 - DATE AND TIME OF LATEST TRANSACTION
- control field: 20210601183054.0
008 - FIXED-LENGTH DATA ELEMENTS
- fixed length control field: 210601|| aca||aabn | a|a d
040 ## - CATALOGING SOURCE
- Original cataloging agency:
- Transcribing agency:
150 ## - HEADING--TOPICAL TERM
- Topical term or geographic name entry element: Coinage
- Geographic subdivision: India
- Chronological subdivision: 1200-1600
670 ## - SOURCE DATA FOUND
- Source citation: Work cat.: (): Martin, Marie Hamilton 85195, Bhamani coinage and deccant and North Indian metrological and monetary considerations, 1200-1600/, c1980
